[Event "Tournoi Skype 031A"]
[Site "Skype"]
[Date "????.??.??"]
[Round "8.10"]
[White "Herrera, Oscar"]
[Black "Calderon, Francisco"]
[Result "0-1"]
[WhiteElo "1261"]
[BlackElo "1604"]
[PlyCount "92"]

1. e4 c6 2. d4 e6 3. Nf3 d5 4. exd5 Qxd5 5. Nc3 Bb4 6. Bd2 Bxc3 7. Bxc3 Nf6 8.
Bd3 Nbd7 9. Qe2 O-O 10. h3 Re8 11. O-O Nb6 12. b3 a5 13. a4 Qd6 14. Rad1 Nbd5
15. Bd2 h6 16. c4 Nf4 17. Bxf4 Qxf4 18. Qe5 Qxe5 19. dxe5 Nd7 20. Bc2 b6 21.
Rfe1 Ra7 22. Nd2 Rc7 23. f4 Bb7 24. Ne4 Rd8 25. Nd6 Ba8 26. Kh2 Kf8 27. Ne4 c5
28. Re3 Ke7 29. Nd6 Bc6 30. Be4 Nb8 31. Bxc6 Nxc6 32. Red3 Nd4 33. Nb5 Rcd7 34.
Nd6 g5 35. Kg3 Ne2+ 36. Kf3 Nxf4 37. R3d2 Kf8 38. Kg4 Kg8 39. g3 Ng6 40. Kh5
Kh7 41. Ne4 Rxd2 42. Rxd2 Rxd2 43. Nxd2 Nxe5 44. Ne4 Nd7 45. Nd6 f5 46. Nf7
Nf6# 0-1

[Event "Tournoi Skype 031A"]
[Site "Skype"]
[Date "????.??.??"]
[Round "8.11"]
[White "Sharma, Mayank"]
[Black "Morales Terreros, Jose Luis"]
[Result "1-0"]
[WhiteElo "1509"]
[BlackElo "1231"]
[PlyCount "57"]

1. e4 e5 2. Nf3 Nc6 3. d4 exd4 4. Nxd4 Bc5 5. Nxc6 Bxf2+ 6. Kxf2 Qh4+ 7. g3
Qf6+ 8. Qf3 Qxc6 9. Nc3 Nf6 10. e5 Qc5+ 11. Be3 Qxe5 12. Re1 O-O 13. Bc4 Qa5
14. Rhf1 c6 15. Bd4 Qg5 16. Bxf6 gxf6 17. Ne4 Qg6 18. Nxf6+ Kh8 19. Bd3 Qg5 20.
Qf5 Qxf5+ 21. Bxf5 d5 22. Bxc8 Raxc8 23. Re7 Kg7 24. Kg2 b5 25. Nh5+ Kg6 26. g4
a5 27. Kg3 Rcd8 28. Rf6+ Kg5 29. h4# 1-0

[Event "Tournoi Skype 031A"]
[Site "Skype"]
[Date "????.??.??"]
[Round "8.12"]
[White "Alvarez, Juan Evangelista"]
[Black "Quispe, Alberto"]
[Result "0-1"]
[WhiteElo "1474"]
[BlackElo "1414"]
[PlyCount "94"]

1. d4 Nf6 2. f4 d5 3. Nf3 Nc6 4. e3 a6 5. Bd3 Bg4 6. O-O e6 7. Be2 Bd6 8. Ne5
Bxe2 9. Qxe2 O-O 10. Nxc6 bxc6 11. Nd2 c5 12. Nf3 c4 13. Bd2 c5 14. Be1 Qc7 15.
c3 Rfb8 16. Ne5 cxd4 17. cxd4 Rb5 18. Rf3 Rab8 19. Rb1 Qb7 20. f5 Rxb2 21. Rxb2
Qxb2 22. Qxb2 Rxb2 23. fxe6 fxe6 24. Rf2 Rb1 25. Nc6 Rxe1+ 26. Rf1 Rxe3 27. Rb1
Ne4 28. Nd8 Nd2 29. Rd1 c3 30. Kf2 c2 31. Rc1 Rc3 32. Nxe6 Ba3 33. Re1 c1=Q 34.
Rxc1 Rxc1 35. Ke2 Ne4 36. Nc5 Bxc5 37. dxc5 Rxc5 38. Kd3 Kf7 39. g4 Ke6 40. h4
Ke5 41. g5 g6 42. a4 Rc3+ 43. Ke2 Kf4 44. a5 Rc2+ 45. Kd1 Ra2 46. h5 gxh5 47.
g6 hxg6 0-1

[Event "Tournoi Skype 031A"]
[Site "Skype"]
[Date "????.??.??"]
[Round "8.13"]
[White "L'Herbon De Lussats, Jean"]
[Black "Bagayatkar, Madan"]
[Result "1/2-1/2"]
[WhiteElo "1233"]
[BlackElo "1434"]
[PlyCount "117"]

1. c4 e6 2. Nc3 Nf6 3. g3 d5 4. cxd5 exd5 5. d4 Nc6 6. Bg2 Be7 7. e3 O-O 8.
Nge2 Bf5 9. O-O Nb4 10. Qb3 Bc2 11. Qa3 Nd3 12. Qa5 Bb4 13. Qb5 Rb8 14. Nxd5 c6
15. Nxf6+ Qxf6 16. Qc4 Nxc1 17. Qxc2 Nxe2+ 18. Qxe2 Bd6 19. a3 Rfe8 20. b4 Bc7
21. Rac1 Qxd4 22. Rc4 Qf6 23. Rd1 Rbd8 24. b5 Qe6 25. Rdc1 h6 26. bxc6 b6 27.
a4 Rd6 28. Re4 Qc8 29. Rxe8+ Qxe8 30. Qa6 Qb8 31. Qb7 Rd8 32. Qxb8 Rxb8 33. Rd1
b5 34. axb5 Rxb5 35. Rd7 Rb1+ 36. Bf1 Bb6 37. Kg2 Rc1 38. Bb5 Rc5 39. Ba4 Rc4
40. Bb5 Rc5 41. Bd3 Rxc6 42. Rb7 g6 43. Be4 Rd6 44. h4 Kg7 45. g4 Kf6 46. g5+
hxg5 47. hxg5+ Ke5 48. Kf3 f5 49. Re7+ Re6 50. Rxe6+ Kxe6 51. Bd3 Ke5 52. Bc4
Bd8 53. Kg3 Ke4 54. Bf7 Bxg5 55. Bxg6 a5 56. Be8 Be7 57. Bc6+ Ke5 58. f4+ Kd6
59. Bb5 1/2-1/2

[Event "Tournoi Skype 031A"]
[Site "Skype"]
[Date "????.??.??"]
[Round "8.15"]
[White "Lovell, Stan"]
[Black "Gadow, Martin"]
[Result "1-0"]
[WhiteElo "1518"]
[BlackElo "1342"]
[PlyCount "53"]

1. d4 Nf6 2. Nc3 e6 3. e4 d5 4. e5 Nfd7 5. Nf3 c5 6. Be3 cxd4 7. Bxd4 Nc6 8.
Bb5 Bb4 9. a3 Bxc3+ 10. Bxc3 O-O 11. O-O d4 12. Nxd4 Nxd4 13. Bxd4 Qc7 14. Re1
a6 15. Bd3 Nc5 16. Re3 Nxd3 17. Qxd3 b5 18. c3 Bb7 19. Rh3 g6 20. Qg3 Qe7 21.
Re1 Rfd8 22. Be3 Rd3 23. f3 Rad8 24. Bg5 Qc5+ 25. Kh1 Rd1 26. Bxd8 Qe3 27. Rxd1
1-0

[Event "Tournoi Skype 031A"]
[Site "Skype"]
[Date "????.??.??"]
[Round "8.16"]
[White "Marino, Giuseppe"]
[Black "Junqueira, Leonardo De Faria"]
[Result "1/2-1/2"]
[WhiteElo "1335"]
[BlackElo "1408"]
[PlyCount "31"]

1. e4 d5 2. exd5 Qxd5 3. Nc3 Qa5 4. d3 c6 5. Bd2 Qc7 6. Nf3 Nf6 7. h3 Bf5 8.
Be2 e6 9. a3 Bd6 10. Bg5 Nbd7 11. Be3 O-O 12. O-O Rfd8 13. Re1 Ne5 14. Bg5
Nxf3+ 15. Bxf3 Be7 16. Bh4 1/2-1/2

[Event "Tournoi Skype 031A"]
[Site "Skype"]
[Date "????.??.??"]
[Round "8.17"]
[White "Vasquez Cienfuegos, Oscar"]
[Black "Vello, Pablo"]
[Result "0-1"]
[WhiteElo "1389"]
[BlackElo "1190"]
[PlyCount "103"]

1. Nf3 d5 2. d4 Nf6 3. g3 e6 4. Bg2 Be7 5. O-O O-O 6. Re1 Nbd7 7. Nbd2 c6 8. c4
Re8 9. Ne5 Bf8 10. e4 dxe4 11. Nxe4 Nxe5 12. Nxf6+ Qxf6 13. dxe5 Qd8 14. Qh5
Bc5 15. Be3 g6 16. Qf3 Bxe3 17. Rxe3 Qc7 18. Qf6 Qe7 19. Qxe7 Rxe7 20. Rd1 Rd7
21. Red3 Rxd3 22. Rxd3 Kf8 23. Rd8+ Ke7 24. Rh8 h5 25. h4 a5 26. f4 a4 27. Bf3
Kd7 28. Rh7 Ke7 29. Be4 a3 30. b3 Ra5 31. Bxg6 Kd8 32. Rxf7 Rc5 33. Bxh5 b5 34.
Be2 b4 35. h5 Ke8 36. h6 Kxf7 37. h7 Kg7 38. Bd3 Ra5 39. Kg2 Ra7 40. g4 Rd7 41.
Be4 Rd2+ 42. Kf3 c5 43. f5 exf5 44. Bxf5 Bb7+ 45. Ke3 Rxa2 46. g5 Ra1 47. g6 a2
48. Kf4 Rf1+ 49. Kg5 a1=Q 50. h8=Q+ Kxh8 51. Kf6 Kg8 52. g7 0-1

[Event "Tournoi Skype 031A"]
[Site "Skype"]
[Date "????.??.??"]
[Round "8.18"]
[White "Bendre, Pankaj"]
[Black "Munoz Gonzalez, Martin"]
[Result "1/2-1/2"]
[WhiteElo "1182"]
[BlackElo "1365"]
[PlyCount "59"]

1. d4 f5 2. Nf3 Nf6 3. b3 e6 4. Bb2 d5 5. e3 Bd6 6. c4 c6 7. Nbd2 O-O 8. Bd3
Ne4 9. O-O Nd7 10. Ne5 Qc7 11. Ndf3 Ndf6 12. c5 Be7 13. Rc1 Bd7 14. Re1 Be8 15.
Bb1 Bh5 16. Nd3 Ng5 17. Nf4 Bxf3 18. gxf3 Rae8 19. h4 Nxf3+ 20. Qxf3 Bd8 21.
Kh1 Ng4 22. Qg3 Qe7 23. Ng2 Bc7 24. f4 Rf6 25. Kg1 Bd8 26. Qh3 h5 27. Qg3 Rg6
28. Rf1 Ne5 29. Qe1 Ng4 30. Qg3 1/2-1/2

[Event "Tournoi Skype 031A"]
[Site "Skype"]
[Date "????.??.??"]
[Round "8.19"]
[White "Graham, Neil"]
[Black "Lago Carballo, Maria Del Carmen"]
[Result "1-0"]
[WhiteElo "1285"]
[BlackElo "1364"]
[PlyCount "59"]

1. d4 d5 2. c4 Nf6 3. Nc3 Bf5 4. cxd5 Nxd5 5. f3 Nxc3 6. bxc3 c6 7. e4 Bg6 8.
Ba3 e6 9. Bxf8 Kxf8 10. Bc4 Nd7 11. Ne2 Nf6 12. Nf4 a6 13. Qd2 Nh5 14. O-O Qf6
15. Nd3 Rd8 16. a4 e5 17. dxe5 Qxe5 18. Qb2 Qe7 19. Rfd1 h6 20. Qb6 Nf6 21. Nc5
Rb8 22. Rd4 Nd5 23. Bxd5 cxd5 24. Rxd5 Bf5 25. Rxf5 g6 26. Rd5 Kg7 27. Rad1
Rhd8 28. Rxd8 Rxd8 29. Rxd8 Qxd8 30. Qxd8 1-0

[Event "Tournoi Skype 031A"]
[Site "Skype"]
[Date "????.??.??"]
[Round "8.20"]
[White "Khabou, Taha"]
[Black "Khunte, Aniruddha"]
[Result "0-1"]
[WhiteElo "1358"]
[BlackElo "1174"]
[PlyCount "52"]

1. d4 Nf6 2. Bf4 g6 3. e3 Bg7 4. Bd3 d6 5. c3 c5 6. Bc2 Nc6 7. Nf3 O-O 8. h3
Bd7 9. a4 a6 10. O-O Rc8 11. Nbd2 b5 12. axb5 axb5 13. Nb3 b4 14. dxc5 bxc3 15.
bxc3 dxc5 16. Nxc5 e5 17. Nxd7 Nxd7 18. Bg3 Re8 19. e4 Nf6 20. Rc1 Na5 21. Bd3
Nc4 22. Qe2 Nd6 23. Bxe5 Nfxe4 24. Bxe4 Bxe5 25. Nxe5 Rxe5 26. Rfd1 Rxe4 0-1

[Event "Tournoi Skype 031A"]
[Site "Skype"]
[Date "????.??.??"]
[Round "8.21"]
[White "Trivedi, Viral"]
[Black "Alarcon Alarcon, Florentina"]
[Result "0-1"]
[WhiteElo "1202"]
[BlackElo "1397"]
[PlyCount "78"]

1. d4 d5 2. Bf4 Nf6 3. e3 e6 4. c3 c5 5. Nd2 Nc6 6. Bd3 Bd6 7. Bg3 O-O 8. Ngf3
b6 9. Ne5 Qc7 10. Ndf3 Bb7 11. Qc2 c4 12. Be2 b5 13. a3 a5 14. Nxc6 Bxc6 15.
Bxd6 Qxd6 16. O-O Rab8 17. Nd2 Rfe8 18. Rfd1 e5 19. dxe5 Qxe5 20. Nf3 Qe4 21.
Qxe4 Nxe4 22. Nd4 Bd7 23. Bf3 g6 24. Ne2 Bc6 25. Nf4 Red8 26. g4 Kg7 27. h4 h6
28. Bxe4 dxe4 29. Ne2 Bd7 30. Nd4 Bxg4 31. Re1 b4 32. Nc6 bxc3 33. bxc3 g5 34.
Nxd8 Rxd8 35. hxg5 hxg5 36. Rab1 Bf3 37. Rb5 Kg6 38. Rxa5 Rh8 39. Ra6+ f6 0-1

[Event "Tournoi Skype 031A"]
[Site "Skype"]
[Date "????.??.??"]
[Round "8.22"]
[White "Ram, Madhukesh"]
[Black "Khetre, Gaurav"]
[Result "1-0"]
[WhiteElo "1299"]
[BlackElo "1502"]
[PlyCount "120"]

1. e4 c6 2. d4 d5 3. Nc3 dxe4 4. Nxe4 Bf5 5. Ng3 Bg6 6. h4 h6 7. Nf3 Nd7 8. Bd3
Bxd3 9. Qxd3 Ngf6 10. Bd2 e6 11. O-O-O Bd6 12. Ne4 Nxe4 13. Qxe4 Qc7 14. Rhe1
O-O-O 15. Ne5 Nxe5 16. dxe5 Be7 17. g3 Kb8 18. Be3 Rxd1+ 19. Rxd1 Rd8 20. Qa4
Rxd1+ 21. Kxd1 b6 22. Qf4 Qd7+ 23. Kc1 Bf8 24. Qc4 Kb7 25. a4 Qd5 26. Qf4 Qd7
27. g4 Qe7 28. Qg3 g6 29. f4 Qb4 30. b3 Qa3+ 31. Kb1 Bc5 32. Bd2 Bd4 33. Bc3
Qc5 34. Kb2 Bxc3+ 35. Qxc3 Qf2 36. Qb4 Qc5 37. Qxc5 bxc5 38. Kc3 a5 39. Kc4 Kb6
40. Kd3 h5 41. gxh5 gxh5 42. Ke4 c4 43. f5 exf5+ 44. Kxf5 cxb3 45. cxb3 Kc5 46.
Kf6 Kd5 47. Kxf7 Kxe5 48. Kg6 Kd4 49. Kxh5 Kc3 50. Kg6 Kxb3 51. h5 c5 52. h6 c4
53. h7 c3 54. h8=Q c2 55. Qa1 c1=Q 56. Qxc1 Kxa4 57. Kf5 Kb4 58. Ke4 a4 59. Kd3
a3 60. Qc3+ Kb5 1-0

[Event "Tournoi Skype 031A"]
[Site "Skype"]
[Date "????.??.??"]
[Round "8.23"]
[White "Carballo, Jorge"]
[Black "Vaswani, Manohar"]
[Result "1-0"]
[WhiteElo "1367"]
[BlackElo "1238"]
[PlyCount "91"]

1. e4 e5 2. Nf3 Nc6 3. Bc4 Bc5 4. O-O d6 5. c3 Bg4 6. d4 exd4 7. cxd4 Nxd4 8.
Bxf7+ Kf8 9. Bxg8 Rxg8 10. Nxd4 Bxd1 11. Ne6+ Ke8 12. Nxd8 Rxd8 13. Rxd1 Kf7
14. Nc3 Rge8 15. Bg5 Rd7 16. Nd5 Rxe4 17. Re1 Rxe1+ 18. Rxe1 Bd4 19. b3 c6 20.
Re7+ Rxe7 21. Nxe7 Bf6 22. Bxf6 Kxf6 23. Nc8 Ke5 24. Nxa7 Kd4 25. Kf1 Kd3 26.
Ke1 d5 27. Kd1 d4 28. Nc8 c5 29. Nd6 b6 30. Nc8 b5 31. a4 bxa4 32. bxa4 c4 33.
a5 c3 34. a6 c2+ 35. Kc1 Ke2 36. Nd6 d3 37. Nc4 Kxf2 38. a7 Kxg2 39. a8=Q+ Kxh2
40. Qb7 g5 41. Qxh7+ Kg2 42. Qg6 g4 43. Qxg4+ Kf2 44. Kd2 c1=Q+ 45. Kxc1 d2+
46. Kxd2 1-0

[Event "Tournoi Skype 031A"]
[Site "Skype"]
[Date "????.??.??"]
[Round "8.25"]
[White "Ramirez Reina, Orlando"]
[Black "De Fazio, Monica"]
[Result "1-0"]
[WhiteElo "1302"]
[BlackElo "1020"]
[PlyCount "55"]

1. e4 e6 2. a3 c5 3. d4 d5 4. e5 Nc6 5. c3 Nge7 6. dxc5 Nxe5 7. Bb5+ Bd7 8. Qa4
N7c6 9. Bxc6 Bxc6 10. Qd4 Nd7 11. b4 e5 12. Qe3 e4 13. Ne2 Nf6 14. O-O Be7 15.
Nd2 Qc7 16. Ng3 Ng4 17. Qe2 Bb5 18. c4 Bd7 19. Bb2 Ne5 20. cxd5 Bg4 21. Qxe4
Bf6 22. d6 Qc6 23. Bxe5 Qxe4 24. Ndxe4 Bxe5 25. Rad1 Bxd1 26. Rxd1 O-O-O 27.
Ng5 h6 28. Nxf7 1-0

[Event "Tournoi Skype 031A"]
[Site "Skype"]
[Date "????.??.??"]
[Round "8.26"]
[White "Resende, Paulo"]
[Black "Hague, Mark"]
[Result "1-0"]
[WhiteElo "1881"]
[BlackElo "1324"]
[PlyCount "81"]

1. e4 c6 2. d4 d5 3. Nc3 dxe4 4. Nxe4 Bf5 5. Ng3 Bg6 6. Nf3 Nd7 7. Bd3 Bxd3 8.
Qxd3 e6 9. O-O Ngf6 10. Re1 Be7 11. c3 O-O 12. Ne4 Nxe4 13. Qxe4 Nf6 14. Qc2
Rc8 15. Bf4 h6 16. Qb3 b5 17. Ne5 Qd5 18. h3 a6 19. Qc2 Bd6 20. Qe2 Bxe5 21.
Bxe5 Nd7 22. Qg4 Nxe5 23. Rxe5 Qd7 24. Rh5 Kh7 25. Qe4+ g6 26. Rh4 Qd5 27. Qe3
g5 28. Re4 Rce8 29. Re5 Qd8 30. Re1 Qf6 31. Qe4+ Qg6 32. Qxc6 Qc2 33. Qe4+ Qxe4
34. R1xe4 f5 35. Re2 Rf6 36. d5 Rd8 37. dxe6 Rd1+ 38. Re1 Rd2 39. e7 Rxb2 40.
e8=Q Rxa2 41. Re7+ 1-0

[Event "Tournoi Skype 031A"]
[Site "Skype"]
[Date "????.??.??"]
[Round "8.27"]
[White "Grib, Johannes"]
[Black "Abdulrazzaq, Mohsen"]
[Result "1/2-1/2"]
[WhiteElo "1407"]
[BlackElo "1346"]
[PlyCount "89"]

1. e4 e5 2. Nf3 Nc6 3. Nc3 Bc5 4. Nd5 d6 5. c3 Nf6 6. Nxf6+ Qxf6 7. Bc4 Bg4 8.
d4 Bxf3 9. gxf3 exd4 10. Rg1 h6 11. Bb5 dxc3 12. Qb3 cxb2 13. Bxb2 Qh4 14. Rg2
Kd7 15. Qxf7+ Qe7 16. Bxc6+ bxc6 17. Qxg7 Bb4+ 18. Ke2 Qxg7 19. Rxg7+ Ke6 20.
Rxc7 Ba5 21. Rxc6 Rhc8 22. Rxc8 Rxc8 23. Kd3 Rf8 24. Ke2 Rc8 25. Kd3 Rf8 26.
Ke3 Bb6+ 27. Ke2 Rc8 28. Rc1 Rg8 29. h4 Rg2 30. Rf1 Rh2 31. f4 Rxh4 32. f5+ Kf7
33. Kf3 h5 34. Rg1 Rh3+ 35. Kf4 Bxf2 36. Rg7+ Kf8 37. Bc1 h4 38. Rg2 Bg3+ 39.
Kg4 Rh1 40. Bh6+ Kf7 41. Bf4 Bxf4 42. Kxf4 h3 43. Rg6 h2 44. Kg3 Rg1+ 45. Kxh2
1/2-1/2

[Event "Tournoi Skype 031A"]
[Site "Skype"]
[Date "????.??.??"]
[Round "8.28"]
[White "Pasasin, Alejandro"]
[Black "Galani, Mahendra"]
[Result "1/2-1/2"]
[WhiteElo "1298"]
[BlackElo "1375"]
[PlyCount "85"]

1. e4 e5 2. Nf3 Nc6 3. d4 Bb4+ 4. c3 Bd6 5. Bc4 h6 6. O-O Qf6 7. d5 Nd8 8. Nbd2
Ne7 9. Nd4 exd4 10. cxd4 Qxd4 11. Qe2 Qb6 12. Nf3 O-O 13. e5 Bc5 14. Be3 Bxe3
15. fxe3 Ng6 16. Kh1 Re8 17. Rad1 Nxe5 18. Nxe5 Rxe5 19. e4 d6 20. b3 Rg5 21.
h3 c6 22. Rd3 Bd7 23. Rdf3 c5 24. Qc2 Qc7 25. Bd3 Re5 26. Qf2 Be8 27. g4 Qe7
28. Rf4 Rc8 29. Qf3 b5 30. Rf5 Rc7 31. Rg1 Rxf5 32. gxf5 Qh4 33. Kh2 Qf6 34.
Qg2 Qe5+ 35. Kh1 a5 36. h4 Qf6 37. Qg4 Nb7 38. Qxg7+ Qxg7 39. f6 Qxg1+ 40. Kxg1
Kh7 41. e5+ Kg8 42. e6 fxe6 43. dxe6 1/2-1/2

[Event "Tournoi Skype 031A"]
[Site "Skype"]
[Date "????.??.??"]
[Round "8.29"]
[White "Sequeda Pimiento, Javier Ricardo"]
[Black "Le Brun, Yves"]
[Result "1-0"]
[WhiteElo "1395"]
[BlackElo "1321"]
[PlyCount "105"]

1. e4 e6 2. d4 d5 3. exd5 Qxd5 4. Nc3 Qa5 5. Bd2 c6 6. Nf3 Qc7 7. Bc4 Nf6 8.
Ne5 Bd6 9. Bf4 O-O 10. O-O Nbd7 11. Nxd7 Bxd7 12. Bxd6 Qxd6 13. Re1 a5 14. Ne4
Qb4 15. Nxf6+ gxf6 16. Qg4+ Kh8 17. Bb3 Rg8 18. Qh4 Rg6 19. a3 Qe7 20. Re4 Rag8
21. g3 Qf8 22. Qf4 f5 23. Re5 b6 24. c4 Rg4 25. Qe3 Qd6 26. Rd1 f6 27. c5 Qc7
28. cxb6 Qxb6 29. Rc5 Qc7 30. Bxe6 Re4 31. Qc3 Bxe6 32. Rxc6 Qb7 33. d5 Bxd5
34. Qxf6+ Rg7 35. Qd8+ Rg8 36. Qxd5 Qxb2 37. Qxf5 Re2 38. Qf6+ Qxf6 39. Rxf6
Kg7 40. Rf4 Rb8 41. Kg2 Rbb2 42. Rd7+ Kg6 43. Ra7 Re1 44. Rxa5 Rbb1 45. h4 Rg1+
46. Kf3 Rb3+ 47. Ke2 Rb2+ 48. Kf3 Rb3+ 49. Ke4 Re1+ 50. Kd5 Rd1+ 51. Rd4 Rf1
52. Ra6+ Kf5 53. g4# 1-0

[Event "Tournoi Skype 031A"]
[Site "Skype"]
[Date "????.??.??"]
[Round "8.30"]
[White "Pouteau, Pascal"]
[Black "Escudero Ocana, Francisco"]
[Result "0-1"]
[WhiteElo "1349"]
[BlackElo "1393"]
[PlyCount "58"]

1. d4 c6 2. c4 d5 3. Nc3 Bf5 4. Bg5 Nd7 5. cxd5 cxd5 6. Nxd5 Qa5+ 7. Nc3 Nb6 8.
Bd2 Nc4 9. e4 Nxd2 10. Bb5+ Bd7 11. Bxd7+ Kxd7 12. Qxd2 e6 13. a3 Rd8 14. Rc1
Be7 15. Nf3 Nf6 16. e5 Ne8 17. O-O Nc7 18. Qd3 a6 19. Ne4 h6 20. Rfd1 Kc8 21.
Nc5 Bxc5 22. Rxc5 Qb6 23. Rb1 Qxc5 24. Qd2 Qb5 25. Rc1 Rd5 26. Qc3 Qd7 27. a4
Kb8 28. a5 Nb5 29. Qb4 Nxd4 0-1

[Event "Tournoi Skype 031A"]
[Site "Skype"]
[Date "????.??.??"]
[Round "8.31"]
[White "Lopes, Marcia Maria"]
[Black "Gharbi, Said"]
[Result "1-0"]
[WhiteElo "1297"]
[BlackElo "1252"]
[PlyCount "71"]

1. d4 e5 2. dxe5 Nc6 3. Bf4 Qe7 4. Nc3 Nxe5 5. e3 Nf6 6. Be2 Ng6 7. Bg3 Qb4 8.
Nf3 Qxb2 9. Nb5 Bb4+ 10. Kf1 Ba5 11. Nxc7+ Bxc7 12. Bxc7 Nd5 13. Ba5 b6 14. Bd2
a5 15. Qb1 Qxb1+ 16. Rxb1 Ba6 17. c4 Nb4 18. Bxb4 axb4 19. Rxb4 Rb8 20. g3 Ne7
21. Kg2 O-O 22. Rd1 Nc6 23. Rbb1 Rb7 24. Nd4 Ne5 25. c5 bxc5 26. Bxa6 Rxb1 27.
Rxb1 cxd4 28. exd4 Nc6 29. d5 Nb8 30. Bc4 d6 31. a4 g6 32. a5 Nd7 33. a6 Nc5
34. Rb6 Rd8 35. a7 Kf8 36. Rb8 1-0

[Event "Tournoi Skype 031A"]
[Site "Skype"]
[Date "????.??.??"]
[Round "8.32"]
[White "Sauvaget, Joel"]
[Black "Hadla, Mohammad Ali"]
[Result "1/2-1/2"]
[WhiteElo "1255"]
[BlackElo "1470"]
[PlyCount "92"]

1. d4 Nf6 2. Nf3 g6 3. c3 Bg7 4. Bg5 d6 5. e3 O-O 6. Be2 Re8 7. O-O e5 8. dxe5
dxe5 9. Nbd2 Be6 10. Bc4 Qd7 11. Nxe5 Qd6 12. Nef3 Nc6 13. Bf4 Qe7 14. Bg5 Rad8
15. Qb3 Bg4 16. Rad1 Na5 17. Qc2 Nxc4 18. Nxc4 Bxf3 19. gxf3 b5 20. Nd2 h6 21.
Bh4 g5 22. Bg3 h5 23. h4 g4 24. f4 Ne4 25. Nxe4 Rxd1 26. Rxd1 Qxe4 27. Qxe4
Rxe4 28. a3 f5 29. Rd8+ Kf7 30. Rd7+ Re7 31. Rd2 c5 32. Kf1 a5 33. Ke2 b4 34.
axb4 cxb4 35. cxb4 axb4 36. b3 Ke6 37. Rd3 Rc7 38. Kd2 Bc3+ 39. Kd1 Rd7 40. Kc2
Rxd3 41. Kxd3 Kd5 42. Ke2 Kc5 43. Kd3 Be1 44. Ke2 Bc3 45. Kd3 Be1 46. Ke2 Bc3
1/2-1/2